000 00468nam a2200193Ia 4500
008 101110s9999 xx 000 0 und d
041 _aENGLISH
082 _bSR13336
100 _aKoontz Harold, Odonnel
245 _aManagement ( 7th edition )
365 _b100.5
520 _aCommerce
546 _aENGLISH
630 _aManagement ( 7th edition )
650 _aCommerce
655 _aCommerce
730 _aManagement ( 7th edition )
942 _cBOOK
999 _c807567
_d807564